Devinez la Capitale Mystère #21 - Statistiques

Statistiques générales
  • Ce quiz a été pris 213 fois
  • Le résultat moyen est 30 sur 34
Statistiques - réponses
Type de Réponse Réponse % Correct
Lettre Trouvée A
100%
Lettre Trouvée R
100%
Lettre Trouvée E
98%
Lettre de l'Alphabet S
98%
Lettre de l'Alphabet I
97%
Lettre de l'Alphabet O
97%
Lettre de l'Alphabet B
96%
Lettre de l'Alphabet L
96%
Lettre Trouvée N
96%
Lettre de l'Alphabet P
96%
Lettre de l'Alphabet M
95%
Lettre de l'Alphabet D
92%
Lettre Trouvée T
92%
Lettre de l'Alphabet U
92%
Lettre de l'Alphabet C
90%
Lettre de l'Alphabet G
90%
Lettre Bien Placée R
88%
Lettre Bien Placée É
87%
Lettre de l'Alphabet K
87%
Lettre de l'Alphabet W
87%
Lettre Trouvée H
86%
Lettre Bien Placée A
84%
Lettre de l'Alphabet V
84%
Lettre de l'Alphabet Y
82%
Lettre Bien Placée É
81%
Lettre de l'Alphabet X
80%
Lettre de l'Alphabet J
79%
Lettre Bien Placée N
78%
Lettre Bien Placée T
77%
Lettre de l'Alphabet Z
75%
Lettre Bien Placée H
74%
Lettre de l'Alphabet F
73%
Lettre de l'Alphabet Q
73%
Capitale Mystère Téhéran
72%
Aucun quiz correspondant
Distribution des résultats
% des personnes avec chaque résultat
Percentile par nombre de réponses
Votre historique - résultats
Vous n’avez pas pris ce quiz